| 000 | 00709nam a2200229 4500 | ||
|---|---|---|---|
| 001 | 148357 | ||
| 003 | ES-MaACL | ||
| 005 | 20230906202559.0 | ||
| 007 | t| | ||
| 008 | 070214s1956 sp r ||||1| spa d | ||
| 100 | 1 |
_aStefanescu, Anton. _9107990 |
|
| 245 | 1 | 0 |
_aAlambre de púas / _cAnton Stefanescu ; versión española corregida por María Irene Riberos, José María Cañas. |
| 250 | _a1ª. ed. | ||
| 260 |
_aBarcelona : _bLuis de Caralt, _c1956. |
||
| 300 |
_a370 p. ; _c20 cm. |
||
| 490 | 1 | _aCol. gigante | |
| 700 | 1 |
_aRiberos, María Irene. _996802 |
|
| 700 | 1 |
_aCañas, José María. _934736 |
|
| 830 | 0 |
_aCol. gigante _9187067 |
|
| 852 |
_aES-MaACL _jC-10450 _bR.38649 |
||
| 999 |
_c148357 _d148357 |
||